Pemakaian prinsip keadilan asasi dalam timbang tara

Bibliographic Details
Main Author: Mathew, Abraham
Other Authors: Jady@Zaidi Hassim
Format: Book
Published: Bangi : Penerbit Universiti Kebangsaan Malaysia , 2019
Subjects:

MARC

LEADER 00000cam a2200000 7i4500
001 0000278789
005 20210225094545.0
020 |a 9789674129316 
090 0 0 |a 320.011   |b MAT 
100 1 |a Mathew, Abraham 
245 1 0 |a Pemakaian prinsip keadilan asasi dalam timbang tara   |c Abraham Mathew, Jady@Zaidi Hassim 
260 |a Bangi :   |b Penerbit Universiti Kebangsaan Malaysia ,   |c 2019 
300 |a 185p. ;   |c 23cm. 
650 0 |a Fairness 
650 0 |a Justice 
700 0 |a Jady@Zaidi Hassim 
999 |a 00387174   |b BUKU   |c PINJAMAN   |e PERPUSTAKAAN KOMUNITI PETALING JAYA